| 000 | 00408nam a2200157 a 4500 | ||
|---|---|---|---|
| 005 | 20141022142001.0 | ||
| 008 | 110118s19uu xx 00 eng d | ||
| 020 | _a9781591474425 | ||
| 050 |
_aDVD _bSch5 2007 |
||
| 100 | _aSchneider, Kirk J. | ||
| 245 | _aExistential Therapy. | ||
| 260 |
_bAPA, _c2007. |
||
| 440 | _aSeries I- Systems of Psychotherapy | ||
| 650 | _aExistential Therapy. | ||
| 942 | _cAVM | ||
| 999 |
_c276294 _d276294 |
||